000 00386pab a2200169 454500
008 180718b2000 xxu||||| |||| 00| 0 eng d
100 _aAarti
245 _aInvesting in health
260 _c2000
300 _ap.8-9
362 _a28 Oct and 10 Nov
650 _aHealth policy
650 _aMedical policy
650 _aHealth services
773 _aYoung Indian
909 _a46730
999 _c46730
_d46730